Score 0/22 Timer 05:00
1 Play Today
Clue ‘for’ word % Correct
prior tobefore
96.6%
to clear large areas of treesdeforest
87.9%
31st U.S. stateCalifornia
85.5%
ergo, hencetherefore
83.6%
clothing worn for workuniform
81.5%
an old university in EnglandOxford
81.2%
to be able to meet the cost ofafford
78.7%
tropical woodland with a continuous canopyrainforest
75.6%
suffering from bad luckunfortunate
75.1%
colorless liquid formerly used as an anestheticchloroform
67.7%
to disfiguredeform
65.7%
Clue ‘for’ word % Correct
long-handle tool with curved prongspitchfork
65.6%
to be obedient or comply to standardsconform
64.1%
16th century religious movement reformation
55.5%
to impart knowledgeinform
55.2%
to ease the grief ofcomfort
53.8%
to carry out or to actperform
44.1%
1992 film with Clint Eastwood and Gene HackmanUnforgiven
41.3%
attempteffort
40.9%
to change in composition or structuretransform
40.5%
to make a hole throughperforate
38.1%
to compel obedience toenforce
28.8%

You're not logged in!

Compare scores with friends on all Sporcle quizzes.
OR
Log In

Sporcle TV

Today on Sporcle TV


Watch our educational content, quiz creation guides, and fun videos on Sporcle TV.

Show Comments

Extras

Top Quizzes Today


Score Distribution

Paid Content

Your Account Isn't Verified!

In order to create a playlist on Sporcle, you need to verify the email address you used during registration. Go to your Sporcle Settings to finish the process.

Report this User

Report this user for behavior that violates our Community Guidelines.

Details: